|
|
|
|
| LEADER |
01020nam a2200301 a 4500 |
| 001 |
3008 |
| 003 |
BD-DhAAL |
| 005 |
20150521095626.0 |
| 008 |
150521s1995 nyua 001 0 eng d |
| 010 |
|
|
|a 95211431
|
| 020 |
|
|
|a 0471120693
|
| 024 |
3 |
0 |
|a 780471120698
|d 90000
|
| 040 |
|
|
|a IWhN
|c IWhN
|d DLC
|d BD-DhAAL
|
| 042 |
|
|
|a lccopycat
|
| 050 |
0 |
0 |
|a QA76.9.D3
|b G425 1995
|
| 082 |
0 |
0 |
|a 005.75/65
|2 20
|
| 100 |
1 |
|
|a Gaylord, Henry H.
|9 11191
|
| 245 |
1 |
0 |
|a Getting started with Paradox 5.0 for Windows /
|c Henry Gaylord.
|
| 260 |
|
|
|a New York :
|b Wiley,
|c c1995.
|
| 300 |
|
|
|a xii, 196 p. :
|b ill. ;
|c 28 cm.
|
| 490 |
|
|
|a Getting started with Windows series
|
| 500 |
|
|
|a Includes index.
|
| 541 |
|
|
|e 3008
|
| 630 |
0 |
0 |
|a Paradox for Windows (Computer file)
|9 11192
|
| 650 |
|
0 |
|a Database management.
|9 6222
|
| 942 |
|
|
|2 ddc
|c BK
|
| 999 |
|
|
|c 34457
|d 34457
|
| 952 |
|
|
|0 0
|1 0
|2 ddc
|4 0
|6 005_756500000000000_GAY
|7 0
|9 53792
|a SCL
|b SCL
|c GEN
|d 2015-05-21
|e Gift: The Asia Foundation
|l 0
|o 005.7565 GAY
|p 3020003008
|r 2015-05-21
|t 1
|w 2015-05-21
|y BK
|